| 000 | 00365nam a22001337a 4500 | ||
|---|---|---|---|
| 020 | _a969-35-1181-6 | ||
| 082 | _a891.4397 TAR | ||
| 100 |
_aMUSTANAR HUSSAIN TARAR,TARAR, MUSTANSAR HUSSAIN _966440 |
||
| 245 | _aSHUTAR MURG RIYASAT | ||
| 260 |
_aLAHORE _bSANG-E-MEEL _c2000 |
||
| 300 | _a192P | ||
| 650 |
_aURDU ADAB-SAHAFAT. URDU ADAB-KALUM _966441 |
||
| 942 | _cBK | ||
| 999 |
_c574416 _d574416 |
||